SISTEMA DE BIBLIOTECAS
Carmen Mendoza De Cornielle

Historia del desarrollo científico e investigativo de un dominicano / (Registro nro. 16421)

Detalles MARC
000 -CABECERA
campo de control de longitud fija 02361cam a2200301 i 4500
001 - NÚMERO DE CONTROL
campo de control 16421
003 - IDENTIFICADOR DEL NÚMERO DE CONTROL
campo de control DO-SdUEMH
005 - FECHA Y HORA DE LA ÚLTIMA TRANSACCIÓN
campo de control 20251206174536.0
007 - CAMPO FIJO DE DESCRIPCIÓN FÍSICA--INFORMACIÓN GENERAL
campo de control de longitud fija ta
008 - DATOS DE LONGITUD FIJA--INFORMACIÓN GENERAL
campo de control de longitud fija 211105s2004 dr a|||g||||||||| |dspa|d
040 ## - FUENTE DE LA CATALOGACIÓN
Centro catalogador/agencia de origen
Lengua de catalogación spa
Normas de descripción rda
041 ## - CÓDIGO DE LENGUA
Código de lengua original spa
082 04 - NÚMERO DE LA CLASIFICACIÓN DECIMAL DEWEY
Colección Colección Dominicana
Número de clasificación 352.745
Número de documento/Ítem B457h
100 1# - ENTRADA PRINCIPAL--NOMBRE DE PERSONA
Nombre de persona Bencosme, Sergio,
Fechas asociadas al nombre 1920-
Término indicativo de función/relación autor
9 (RLIN) 95
245 10 - MENCIÓN DE TÍTULO
Título Historia del desarrollo científico e investigativo de un dominicano /
Mención de responsabilidad, etc. Sergio Bencosme
264 #1 - PRODUCCIÓN, PUBLICACIÓN, DISTRIBUCIÓN, FABRICACIÓN Y COPYRIGHT
Lugar de producción, publicación, distribución, fabricación Santo Domingo, República Dominicana :
Nombre del de productor, editor, distribuidor, fabricante Secretaría de Estado de Educación Superior, Ciencia y Tecnología,
Fecha de producción, publicación, distribución, fabricación o copyright 2004
264 #1 - PRODUCCIÓN, PUBLICACIÓN, DISTRIBUCIÓN, FABRICACIÓN Y COPYRIGHT
Lugar de producción, publicación, distribución, fabricación Santo Domingo, República Dominicana :
Nombre del de productor, editor, distribuidor, fabricante Embajada de los Estados Unidos de América, en República Dominicana,
Fecha de producción, publicación, distribución, fabricación o copyright 2004
300 ## - DESCRIPCIÓN FÍSICA
Extensión 518 paginas ;
Otras características físicas 25 cm.
336 ## - TIPO DE CONTENIDO
Fuente rdacontent
Término de tipo de contenido texto
Código de tipo de contenido txt
337 ## - TIPO DE MEDIO
Fuente rdamedia
Nombre del tipo de medio sin mediación
Código del tipo de medio n
338 ## - TIPO DE SOPORTE
Fuente rdacarrier
Nombre del tipo de soporte volumen
Código del tipo de soporte nc
505 2# - NOTA DE CONTENIDO CON FORMATO
Información miscelánea Guía para el lector del libro -- Prólogo -- Prefacio -- Reconocimiento -- Curriculum vitae ampliado -- Cap. 1 De estudiante de medicina en el país hasta el profesional en Canadá -- Cap. 2 Trabajos de mayor relevancia e impacto -- Cap. 3 Mi puerta para retornar al país proyecto Queen's - Unphu-CEA-CIDA -- Cap. 4 Propuesta de cooperación entre la Universidad de Queen's y la Universidad Nacional Pedro Henríquez Ureña (UNPHU) para el desarrollo de programas en el campo de educación biomédica y entrega del cuidado de salud -- Reporte del progreso del Proyecto Queen's-UNPHU-CEA-CIDA -- Cultura del desarrollo de la investigación, educación y práctica médica en el complejo: Pontificia Universidad Católica Madre y Maestra y Hospital Regional Universitario José María Cabral y Báez -- Lista de estudiantes de investigación y colaboradores -- Siglas y abreviaturas de las investigaciones y publicaciones en la República Dominicana -- Lista de investigaciones y publicaciones en la República Dominicana, Sergio A. Bencosme, colaboradores y discípulos -- Resumen de investigaciones -- Reflexiones finales. Investigación autóctona en medicina en el gobierno-Estado dominicano -- Documento revisado del comité de biomédica y medicina clínica.
650 #4 - PUNTO DE ACCESO ADICIONAL DE MATERIA--TÉRMINO DE MATERIA
Término de materia o nombre geográfico como elemento de entrada Ciencia y Estado
9 (RLIN) 2566
650 #4 - PUNTO DE ACCESO ADICIONAL DE MATERIA--TÉRMINO DE MATERIA
Término de materia o nombre geográfico como elemento de entrada Investigación científica
Subdivisión geográfica República Dominicana
9 (RLIN) 2915
650 #4 - PUNTO DE ACCESO ADICIONAL DE MATERIA--TÉRMINO DE MATERIA
Término de materia o nombre geográfico como elemento de entrada Médicos forenses
Subdivisión geográfica República Dominicana
9 (RLIN) 3103
942 ## - ELEMENTOS DE PUNTO DE ACCESO ADICIONAL (KOHA)
Fuente del sistema de clasificación o colocación Dewey Decimal Classification
Tipo de ítem Koha Libro
Suprimir en OPAC No
Existencias
Estado de retiro Estado de pérdida Fuente del sistema de clasificación o colocación Estado dañado Disponibilidad para préstamo Código de colección Localización permanente Ubicación/localización actual Ubicación en estantería Fecha de adquisición Fuente de adquisición Número de inventario Total de préstamos Signatura topográfica completa Código de barras Fecha visto por última vez Precio válido a partir de Tipo de ítem Koha Número de copia
    Dewey Decimal Classification   Disponible para préstamo Colección Dominicana UNIREMHOS SEDE UNIREMHOS SEDE Colección General 11/05/2021 Donación 1100006   RD UFHECPRINC5263 11/05/2021 11/05/2021 Libro  
    Dewey Decimal Classification   Disponible para préstamo Colección Dominicana UNIREMHOS SEDE UNIREMHOS SEDE Colección General 11/05/2021 Donación     RD 352.745 B457h 0800206 11/05/2021 11/05/2021 Libro ej. 1
    Dewey Decimal Classification   Disponible para préstamo Colección Dominicana UNIREMHOS SEDE UNIREMHOS SEDE   11/05/2021       RD 610.092 B457h UNIREMHOS-SED1105 11/05/2021 11/05/2021 Libro  
    Dewey Decimal Classification   Disponible para préstamo Colección Dominicana UNIREMHOS SEDE UNIREMHOS SEDE   07/31/2025 Donación 0800206   RD   07/31/2025 07/31/2025 Libro  
UNIREMHOS

Av. Abraham Lincoln no. 126, casi esq. José Contreras,
Santo Domingo, República Dominicana

Correo: info@uniremhos.edu.do

Tel.: (809) 532-3739

Horario: Lunes a Viernes: 8:00 am - 6:00 pm | Sábados: 8:00 am - 12:00 m

📍 Ubicación
UNEFA

Av. 27 de Febrero no. 52, El Vergel,
Santo Domingo, República Dominicana

Tel.: (809) 530-0224

📍 Ubicación
UFHEC

Av. Máximo Gómez esq. César Nicolás Penson, La Esperilla,
Santo Domingo, República Dominicana

Tel.: (809) 537-6000

📍 Ubicación